Un sigle, deux sens - Statistiques

Statistiques générales
  • Ce quiz a été pris 592 fois
  • Le résultat moyen est 27 sur 42
Statistiques - réponses
Réponse % Correct
Complément
96%
De-
96%
Direct
95%
d'Objet
95%
Démocratique
94%
du Congo
94%
of
94%
Of
94%
République
94%
Rez-
94%
Chaussée
92%
Vélo
91%
League
89%
Legends
89%
Tous
89%
Télévision
81%
Call
78%
Duty
77%
Out
73%
Laughing
70%
Vitesse
70%
Vitesse
70%
Loud
68%
Maximale
62%
Maximale
62%
Voiture
57%
Autorisée
55%
Guinée
53%
Nouvelle-
53%
Chemins
52%
Papouasie-
52%
Numérique
44%
Nitro
39%
Aérobie
35%
Terrestre
35%
Tri
23%
de Transport
22%
avec Chauffeur
19%
Graphic
10%
Toluène
10%
Network
9%
Portable
9%
Aucun quiz correspondant
Distribution des résultats
% des personnes avec chaque résultat
Percentile par nombre de réponses
Votre historique - résultats
Vous n’avez pas pris ce quiz